| 000 | 00345nam a22001457a 4500 | ||
|---|---|---|---|
| 999 |
_c9295 _d9295 |
||
| 003 | OSt | ||
| 008 | 201120b ||||| |||| 00| 0 eng d | ||
| 100 | _aSharma, J. P. | ||
| 245 | _aCorporate Governance Business Ethies and CSR | ||
| 250 | _a2nd ed | ||
| 260 |
_aNew Delhi _bAne Book _c2020 |
||
| 300 | _a1010 | ||
| 650 | _aB.Com | ||
| 942 |
_2ddc _cBK |
||